<?xml version="1.0" encoding="UTF-8"?>
<record
    xmlns:xsi="http://www.w3.org/2001/XMLSchema-instance"
    xsi:schemaLocation="http://www.loc.gov/MARC21/slim http://www.loc.gov/standards/marcxml/schema/MARC21slim.xsd"
    xmlns="http://www.loc.gov/MARC21/slim">

  <leader>00890nam a22002297a 4500</leader>
  <controlfield tag="003">BPGM</controlfield>
  <controlfield tag="008">260617s        mx a||||r|||| 001 | spa d</controlfield>
  <datafield tag="020" ind1=" " ind2=" ">
    <subfield code="a">SIN ISBN</subfield>
  </datafield>
  <datafield tag="040" ind1=" " ind2=" ">
    <subfield code="b">SPA</subfield>
  </datafield>
  <datafield tag="041" ind1=" " ind2=" ">
    <subfield code="a">SPA</subfield>
    <subfield code="h">SPA</subfield>
  </datafield>
  <datafield tag="082" ind1="0" ind2="4">
    <subfield code="2">PRIMERA EDICI&#xD3;N</subfield>
    <subfield code="a">PTM / 868.6409</subfield>
    <subfield code="b">F53</subfield>
  </datafield>
  <datafield tag="100" ind1=" " ind2=" ">
    <subfield code="a">FIGUEROA, JULIO</subfield>
  </datafield>
  <datafield tag="245" ind1=" " ind2=" ">
    <subfield code="a">QUERETANAS 97</subfield>
    <subfield code="b">BIT&#xC1;CORA POL&#xCD;TICA PERSONAL</subfield>
  </datafield>
  <datafield tag="260" ind1=" " ind2=" ">
    <subfield code="a">QUER&#xC9;TARO, M&#xC9;XICO</subfield>
    <subfield code="b">EDICIONES SANGREMAL</subfield>
    <subfield code="c">1999</subfield>
  </datafield>
  <datafield tag="300" ind1=" " ind2=" ">
    <subfield code="a">204 P&#xC1;GINAS;</subfield>
    <subfield code="c">21.4 CM X 14.6 CM</subfield>
  </datafield>
  <datafield tag="336" ind1=" " ind2=" ">
    <subfield code="2">rdacontent</subfield>
    <subfield code="a">texto</subfield>
    <subfield code="b">txt</subfield>
  </datafield>
  <datafield tag="337" ind1=" " ind2=" ">
    <subfield code="2">rdamedia</subfield>
    <subfield code="a">sin mediaci&#xF3;n</subfield>
    <subfield code="b">n</subfield>
  </datafield>
  <datafield tag="338" ind1=" " ind2=" ">
    <subfield code="2">rdacarrier</subfield>
    <subfield code="a">volumen </subfield>
    <subfield code="b">nc</subfield>
  </datafield>
  <datafield tag="505" ind1=" " ind2=" ">
    <subfield code="a">AQU&#xCD; EST&#xC1;N COMPRIMIDAS LAS TRES COSAS Y ALGO M&#xC1;S: LA OBSESI&#xD3;N PERSONAL POR LO QUE SUCEDE AL OTRO Y POR LO QUE EL OTRO HACE QUE SUCEDA ES LA REVUELTA DE LOS G&#xC9;NEROS PARA LEVANTAR ACTA DE UN TIEMPO TURBULENTO QUE A&#xDA;N HUMEA.</subfield>
  </datafield>
  <datafield tag="650" ind1=" " ind2=" ">
    <subfield code="2">ESCRITOS VARIOS ESPA&#xD1;OLES</subfield>
  </datafield>
  <datafield tag="942" ind1=" " ind2=" ">
    <subfield code="2">ddc</subfield>
    <subfield code="c">COLQ</subfield>
  </datafield>
  <datafield tag="952" ind1=" " ind2=" ">
    <subfield code="0">0</subfield>
    <subfield code="1">0</subfield>
    <subfield code="2">ddc</subfield>
    <subfield code="4">0</subfield>
    <subfield code="7">2</subfield>
    <subfield code="8">GENERAL</subfield>
    <subfield code="a">BPCEFC</subfield>
    <subfield code="b">BPCEFC</subfield>
    <subfield code="c">ACCESO "A" PLANTA ALTA</subfield>
    <subfield code="d">2026-06-17</subfield>
    <subfield code="e">DONACI&#xD3;N </subfield>
    <subfield code="f">ACCESO "A"</subfield>
    <subfield code="i">EJ. 1</subfield>
    <subfield code="l">0</subfield>
    <subfield code="o">CQ / 000 / 015</subfield>
    <subfield code="r">2026-06-17 16:26:41</subfield>
    <subfield code="t">EJ. 1</subfield>
    <subfield code="w">2026-06-17</subfield>
    <subfield code="y">COLQ</subfield>
  </datafield>
  <datafield tag="952" ind1=" " ind2=" ">
    <subfield code="0">0</subfield>
    <subfield code="1">0</subfield>
    <subfield code="2">ddc</subfield>
    <subfield code="4">0</subfield>
    <subfield code="7">0</subfield>
    <subfield code="8">GENERAL</subfield>
    <subfield code="a">BPCEFC</subfield>
    <subfield code="b">BPCEFC</subfield>
    <subfield code="c">ACCESO "A" PLANTA ALTA</subfield>
    <subfield code="d">2026-06-17</subfield>
    <subfield code="e">DONACI&#xD3;N </subfield>
    <subfield code="f">ACCESO "A"</subfield>
    <subfield code="i">EJ. 2</subfield>
    <subfield code="l">0</subfield>
    <subfield code="o">CQ / 000 / 015</subfield>
    <subfield code="r">2026-06-17 16:26:54</subfield>
    <subfield code="t">EJ. 2</subfield>
    <subfield code="w">2026-06-17</subfield>
    <subfield code="y">COLQ</subfield>
  </datafield>
  <datafield tag="952" ind1=" " ind2=" ">
    <subfield code="0">0</subfield>
    <subfield code="1">0</subfield>
    <subfield code="2">ddc</subfield>
    <subfield code="4">0</subfield>
    <subfield code="7">0</subfield>
    <subfield code="8">GENERAL</subfield>
    <subfield code="a">BPCEFC</subfield>
    <subfield code="b">BPCEFC</subfield>
    <subfield code="c">ACCESO "A" PLANTA ALTA</subfield>
    <subfield code="d">2026-06-17</subfield>
    <subfield code="e">DONACI&#xD3;N </subfield>
    <subfield code="f">ACCESO "A"</subfield>
    <subfield code="i">EJ. 3</subfield>
    <subfield code="l">0</subfield>
    <subfield code="o">CQ / 000 / 015</subfield>
    <subfield code="r">2026-06-17 16:27:01</subfield>
    <subfield code="t">EJ. 3</subfield>
    <subfield code="w">2026-06-17</subfield>
    <subfield code="y">COLQ</subfield>
  </datafield>
  <datafield tag="999" ind1=" " ind2=" ">
    <subfield code="c">68611</subfield>
    <subfield code="d">68611</subfield>
  </datafield>
</record>
